000 00412 a2200157 4500
005 20250620162355.0
020 _a0-471-54852-9
082 _aLM 620.106 FOX
100 _aFOX, R. W.
245 _aIntroduction to Fluid Mechanics
250 _a4th Ed.
260 _aNew York,
_bJohn Wiley & Sons, Inc,
_c1992.
300 _axiv, 829p.: ill.; table.
_bIndex.
_c26cm.
700 _aMcDonald, A.T.
942 _2ddc
_cBKS
999 _c2002
_d2002